<?xml version="1.0" encoding="UTF-8"?>
<record
    xmlns:xsi="http://www.w3.org/2001/XMLSchema-instance"
    xsi:schemaLocation="http://www.loc.gov/MARC21/slim http://www.loc.gov/standards/marcxml/schema/MARC21slim.xsd"
    xmlns="http://www.loc.gov/MARC21/slim">

  <leader>00781nam a22001337a 4500</leader>
  <datafield tag="040" ind1=" " ind2=" ">
    <subfield code="c">RUA</subfield>
  </datafield>
  <datafield tag="082" ind1=" " ind2=" ">
    <subfield code="a">AVM VON 2018 B658 Or.1</subfield>
  </datafield>
  <datafield tag="100" ind1=" " ind2=" ">
    <subfield code="a">VON PHANITH &#x179C;&#x17C9;&#x1793; &#x1795;&#x17B6;&#x1793;&#x17B7;&#x178F;</subfield>
  </datafield>
  <datafield tag="245" ind1=" " ind2=" ">
    <subfield code="a">antimicrobial resistance profile in native duck in phang sothea farm at chbamom district, kampong speu province, &#x1797;&#x17B6;&#x1796;&#x179F;&#x17BB;&#x17C6;&#x17B6;&#x179A;&#x1794;&#x179F;&#x17CB;&#x1794;&#x17B6;&#x178F;&#x17CB;&#x178F;&#x17C1;&#x179A;&#x17B8;&#x1791;&#x179B;&#x17CB;&#x1793;&#x17B9;&#x1784;&#x17A2;&#x1784;&#x17CB;&#x1794;&#x17D2;&#x1799;&#x17BC;&#x1791;&#x17B7;&#x1785; &#x1793;&#x17C5;&#x1780;&#x17D2;&#x1793;&#x17BB;&#x1784;&#x179B;&#x17B6;&#x1798;&#x1780;&#x1791;&#x17B6;&#x179F;&#x17B6;&#x1785;&#x17CB; &#x1793;&#x17C5;&#x1780;&#x179F;&#x17B7;&#x178A;&#x17D2;&#x178B;&#x17B6;&#x1793; &#x1794;&#x17C9;&#x17B6;&#x1784; &#x179F;&#x17BB;&#x1792;&#x17B6; &#x1780;&#x17D2;&#x179A;&#x17BB;&#x1784;&#x1785;&#x17D2;&#x1794;&#x17B6;&#x1798;&#x1793; &#x1781;&#x17C1;&#x178F;&#x17D2;&#x178F;&#x1780;&#x17C6;&#x1796;&#x1784;&#x17CB;&#x179F;&#x17D2;&#x1796;&#x17BA;</subfield>
  </datafield>
  <datafield tag="260" ind1=" " ind2=" ">
    <subfield code="a">RUA</subfield>
    <subfield code="b">Phnom penh</subfield>
    <subfield code="c">2018</subfield>
  </datafield>
  <datafield tag="300" ind1=" " ind2=" ">
    <subfield code="a">xi;33p</subfield>
    <subfield code="b">ill;</subfield>
    <subfield code="c">29cm</subfield>
  </datafield>
  <datafield tag="856" ind1=" " ind2=" ">
    <subfield code="u">https://drive.google.com/file/d/1BTRwafInG7_NM2LZNw_GLe4Di7coYUTO/view?usp=sharing</subfield>
  </datafield>
  <datafield tag="942" ind1=" " ind2=" ">
    <subfield code="c">AVM</subfield>
  </datafield>
  <datafield tag="999" ind1=" " ind2=" ">
    <subfield code="c">18876</subfield>
    <subfield code="d">18876</subfield>
  </datafield>
  <datafield tag="952" ind1=" " ind2=" ">
    <subfield code="0">0</subfield>
    <subfield code="1">0</subfield>
    <subfield code="2">ddc</subfield>
    <subfield code="4">0</subfield>
    <subfield code="6">AVM_VON_2018_000000000000000_B658_OR_1</subfield>
    <subfield code="7">0</subfield>
    <subfield code="9">83511</subfield>
    <subfield code="a">LBB</subfield>
    <subfield code="b">LBB</subfield>
    <subfield code="c">B658</subfield>
    <subfield code="d">2020-02-05</subfield>
    <subfield code="l">2</subfield>
    <subfield code="o">AVM VON 2018 B658 Or.1</subfield>
    <subfield code="p">A44043</subfield>
    <subfield code="r">2025-12-08</subfield>
    <subfield code="s">2025-12-05</subfield>
    <subfield code="w">2020-02-05</subfield>
    <subfield code="y">AVM</subfield>
  </datafield>
  <datafield tag="952" ind1=" " ind2=" ">
    <subfield code="0">0</subfield>
    <subfield code="1">0</subfield>
    <subfield code="2">ddc</subfield>
    <subfield code="4">0</subfield>
    <subfield code="6">AVM_VON_2018_000000000000000_B658_OR_2</subfield>
    <subfield code="7">0</subfield>
    <subfield code="9">83512</subfield>
    <subfield code="a">LBB</subfield>
    <subfield code="b">LBB</subfield>
    <subfield code="c">B658</subfield>
    <subfield code="d">2020-02-05</subfield>
    <subfield code="o">AVM VON 2018 B658 Or.2</subfield>
    <subfield code="p">A43998</subfield>
    <subfield code="r">2020-02-05</subfield>
    <subfield code="w">2020-02-05</subfield>
    <subfield code="y">AVM</subfield>
  </datafield>
  <datafield tag="952" ind1=" " ind2=" ">
    <subfield code="0">0</subfield>
    <subfield code="1">0</subfield>
    <subfield code="2">ddc</subfield>
    <subfield code="4">0</subfield>
    <subfield code="6">AVM_VON_2018_000000000000000_B658_OR_3</subfield>
    <subfield code="7">0</subfield>
    <subfield code="9">83513</subfield>
    <subfield code="a">LBB</subfield>
    <subfield code="b">LBB</subfield>
    <subfield code="c">B658</subfield>
    <subfield code="d">2020-02-05</subfield>
    <subfield code="o">AVM VON 2018 B658 Or.3</subfield>
    <subfield code="p">A43794</subfield>
    <subfield code="r">2020-02-05</subfield>
    <subfield code="w">2020-02-05</subfield>
    <subfield code="y">AVM</subfield>
  </datafield>
  <datafield tag="952" ind1=" " ind2=" ">
    <subfield code="0">0</subfield>
    <subfield code="1">0</subfield>
    <subfield code="2">ddc</subfield>
    <subfield code="4">0</subfield>
    <subfield code="6">AVM_VON_2018_000000000000000_B658_OR_4</subfield>
    <subfield code="7">0</subfield>
    <subfield code="9">83514</subfield>
    <subfield code="a">LBB</subfield>
    <subfield code="b">LBB</subfield>
    <subfield code="c">B658</subfield>
    <subfield code="d">2020-02-05</subfield>
    <subfield code="o">AVM VON 2018 B658 Or.4</subfield>
    <subfield code="p">A43729</subfield>
    <subfield code="r">2020-02-05</subfield>
    <subfield code="w">2020-02-05</subfield>
    <subfield code="y">AVM</subfield>
  </datafield>
  <datafield tag="952" ind1=" " ind2=" ">
    <subfield code="0">0</subfield>
    <subfield code="1">0</subfield>
    <subfield code="2">ddc</subfield>
    <subfield code="4">0</subfield>
    <subfield code="6">AVM_VON_2018_000000000000000_B658_OR</subfield>
    <subfield code="7">0</subfield>
    <subfield code="9">83515</subfield>
    <subfield code="a">LBB</subfield>
    <subfield code="b">LBB</subfield>
    <subfield code="c">B658</subfield>
    <subfield code="d">2020-02-05</subfield>
    <subfield code="l">3</subfield>
    <subfield code="o">AVM VON 2018 B658 Or.</subfield>
    <subfield code="p">A43569</subfield>
    <subfield code="r">2020-10-20</subfield>
    <subfield code="s">2020-09-21</subfield>
    <subfield code="w">2020-02-05</subfield>
    <subfield code="y">AVM</subfield>
  </datafield>
  <datafield tag="952" ind1=" " ind2=" ">
    <subfield code="0">0</subfield>
    <subfield code="1">0</subfield>
    <subfield code="2">ddc</subfield>
    <subfield code="4">0</subfield>
    <subfield code="6">AVM_VON_2018_000000000000000_B658_OR_6</subfield>
    <subfield code="7">0</subfield>
    <subfield code="9">83516</subfield>
    <subfield code="a">LBB</subfield>
    <subfield code="b">LBB</subfield>
    <subfield code="c">B658</subfield>
    <subfield code="d">2020-02-05</subfield>
    <subfield code="l">3</subfield>
    <subfield code="o">AVM VON 2018 B658 Or.6</subfield>
    <subfield code="p">A42451</subfield>
    <subfield code="r">2024-07-31</subfield>
    <subfield code="s">2024-07-11</subfield>
    <subfield code="w">2020-02-05</subfield>
    <subfield code="y">AVM</subfield>
  </datafield>
</record>
